|
|
|
|
| LEADER |
00701nab a2200205 i 4500 |
| 001 |
tisza16299 |
| 005 |
20200330155332.0 |
| 008 |
170120s1996 hu o 0|| hun d |
| 022 |
|
|
|a 0133-1167
|
| 040 |
|
|
|a SZTE Tiszatáj Archívum
|b hun
|
| 041 |
|
|
|a hun
|
| 100 |
1 |
|
|a Gusev Ûrij Pavloviĉ
|
| 245 |
1 |
0 |
|a Baka István
|h [elektronikus dokumentum] :
|b Sztyepan Pehotnij testamentuma : [könyvismertetés] /
|c Gusev Ûrij Pavloviĉ
|
| 260 |
|
|
|c 1996
|
| 300 |
|
|
|a 115-118
|
| 490 |
0 |
|
|a Tiszatáj
|v 50 No. 9
|
| 695 |
|
|
|a Magyar irodalom - könyvismertetés
|
| 700 |
0 |
1 |
|a Szőke Katalin
|
| 700 |
0 |
1 |
|a Baka István
|
| 856 |
4 |
0 |
|u http://tiszataj.bibl.u-szeged.hu/16299/1/tiszataj_1996_009_115-118.pdf
|z Dokumentum-elérés
|